000 00894nam a22002897a 4500
003 CHAP
005 20220329140817.0
008 971013s1958 r 00010 d
010 _a57982
011 _a58954
035 _a63111
040 _cCHAP
082 _a330.1
_bS55
100 0 0 _aSmith, Adam.
_9106946
245 _aInvestigación sobre la naturaleza y causas de la riqueza de las naciones
260 _aMéxico, D. F. :
_bFondo de Cultura Económica,
_c(c.1958)
300 _a917 p.
500 _aContiene bibliografía
590 _aBATCH-UPD
_b10
_c20130110
_lUCH01
_h1839
590 _aBATCH-UPD
_b10
_c20130410
_lUCH01
_h1209
590 _aBATCH-UPD
_b10
_c20130914
_lUCH01
_h1232
590 _aCONVERSION
_b10
_c20130109
_lUCH01
_h1331
650 1 4 _aEconomía.
_935226
901 _aBK
942 _cLIBRO
949 _a330.1 S55
_bBC
_cLIBRO
_d33724000609939
_eLIBRO
_h2175
_i63111
_si
999 _c57982
_d57982